Alcances y limitaciones de los estudios culturales en América Latina, academia, investigación, tensiones y acción política /
Los estudios culturales son una práctica académica y política reivindicativa. Es una modalidad de ánalisis específica, que se propone rescatar el conocimiento de la región para entregarle así su carácter político y social. Es un saber en construcción.
Guardado en:
| Hovedforfatter: | |
|---|---|
| Format: | Bog |
| Sprog: | Spanish |
| Udgivet: |
México, D.F.:
Navarro editores,
2009
|
| Fag: | |
| Tags: |
Tilføj Tag
Ingen Tags, Vær først til at tagge denne postø!
|
MARC
| LEADER | 00000nam a22000007a 4500 | ||
|---|---|---|---|
| 008 | 150127c2009 mx ||||| |||| 00| b spa d | ||
| 040 | |a CRU CIICLA | ||
| 090 | |a Nostromo. Revista Crítica Latinoamericana | ||
| 100 | 1 | |a Gómez González, Juan Sebastián | |
| 245 | 1 | 0 | |a Alcances y limitaciones de los estudios culturales en América Latina, academia, investigación, tensiones y acción política / |c Juan Sebastián Gómez González |
| 260 | |a México, D.F.: |b Navarro editores, |c 2009 | ||
| 300 | |a 67-74 páginas | ||
| 520 | |a Los estudios culturales son una práctica académica y política reivindicativa. Es una modalidad de ánalisis específica, que se propone rescatar el conocimiento de la región para entregarle así su carácter político y social. Es un saber en construcción. | ||
| 650 | 1 | 4 | |b ESTUDIOS CULTURALES |z AMERICA LATINA |
| 773 | 0 | |g Número 1 (2009), páginas 67-74 |t Nostromo. Revista Crítica Latinoamericana | |
| 942 | |2 ddc |c ARC | ||
| 999 | |c 3787 |d 3787 | ||
